[Event "Harrogate 4NCL op 31st"]
[Site "Harrogate"]
[Date "2024.01.21"]
[Round "4"]
[White "Brencher, Paul"]
[Black "Pitel, Benedikt"]
[Result "1-0"]
[WhiteElo "1851"]
[BlackElo "1600"]
[PlyCount "125"]
[EventDate "2024.01.19"]
[EventType "swiss"]
[EventRounds "5"]
[EventCountry "ENG"]
[SourceTitle "CB05_2024"]
[SourceDate "2024.01.31"]
[SourceVersion "1"]
[SourceVersionDate "2024.01.31"]
[SourceQuality "1"]

1. d4 d5 2. Nc3 Nf6 3. Bf4 Bf5 4. Nf3 e6 5. e3 c6 6. Ne5 Nbd7 7. a3 Nxe5 8. Bxe5 Bd6 9. Bxd6 Qxd6 10. Bd3 Bxd3 11. Qxd3 0-0 12. f4 c5 13. 0-0 Rac8 14. Ne2 Ne4 15. dxc5 Qxc5 16. c3 Nd6 17. Nd4 Qb6 18. Rf2 Nc4 19. Qe2 Rfe8 20. e4 Red8 21. e5 a6 22. Raf1 Qc7 23. Rf3 Kh8 24. Rh3 h6 25. g4 Rg8 26. g5 Qe7 27. Kh1 Kh7 28. Rg1 g6 29. Rxh6+ Kg7 30. Rg3 Rh8 31. Rgh3 Rxh6 32. Rxh6 Rh8 33. Rxh8 Kxh8 34. h4 Qf8 35. h5 gxh5 36. Qxh5+ Kg7 37. g6 Qg8 38. gxf7 Qxf7 39. Qg4+ Kh8 40. Qh3+ Kg8 41. Nxe6 Nxb2 42. Ng5 Qe7 43. Qg2 Nc4 44. Qxd5+ Kh8 45. Qxc4 Qd7 46. Qd4 Qc6+ 47. Kh2 Qh6+ 48. Kg2 Qc6+ 49. Qe4 Qd7 50. Qh7+ Qxh7 51. Nxh7 Kxh7 52. Kf3 Kg6 53. Ke4 Kf7 54. Kd5 Ke7 55. f5 Kd7 56. e6+ Ke7 57. Ke5 a5 58. f6+ Kd8 59. Kd6 b5 60. e7+ Kc8 61. e8Q+ Kb7 62. Qc6+ Kb8 63. f7 1-0

[Event "Harrogate 4NCL op 31st"]
[Site "Harrogate"]
[Date "2024.01.20"]
[Round "2"]
[White "Brencher, Paul"]
[Black "McLean, Robert"]
[Result "0-1"]
[WhiteElo "1851"]
[BlackElo "1823"]
[PlyCount "124"]
[EventDate "2024.01.19"]
[EventType "swiss"]
[EventRounds "5"]
[EventCountry "ENG"]
[SourceTitle "CB05_2024"]
[SourceDate "2024.01.31"]
[SourceVersion "1"]
[SourceVersionDate "2024.01.31"]
[SourceQuality "1"]

1. d4 e6 2. c4 Nf6 3. Nf3 d5 4. Nc3 Bb4 5. Bg5 h6 6. Bxf6 Qxf6 7. a3 Bxc3+ 8. bxc3 0-0 9. e3 b6 10. cxd5 exd5 11. Be2 Nc6 12. 0-0 Na5 13. Ne5 Qd6 14. Bf3 Ba6 15. Re1 Rac8 16. Qa4 c5 17. Qd7 Qxd7 18. Nxd7 Rfd8 19. Ne5 g6 20. g3 Kg7 21. Red1 cxd4 22. cxd4 Nb3 23. Rab1 Rc3 24. Bg2 f6 25. Nf3 Bd3 26. Rb2 Be4 27. h4 Rdc8 28. Kh2 Na5 29. Ra2 Rc2 30. Rd2 Rxa2 31. Rxa2 Rc3 32. Nd2 Bxg2 33. Kxg2 Nc4 34. Nxc4 dxc4 35. Kf3 f5 36. Ke2 b5 37. Kd2 Rb3 38. Kc2 Kf6 39. Rb2 Rxb2+ 40. Kxb2 Ke6 41. Kc3 Kd5 42. a4 bxa4 43. Kb4 a5+ 44. Kxa4 Ke4 45. f3+ Kxe3 46. d5 c3 47. Kb3 Kd3 48. d6 c2 49. d7 c1Q 50. d8Q+ Ke2 51. Qf6 Qb1+ 52. Ka3 Qb4+ 53. Ka2 a4 54. Qxg6 Qb3+ 55. Ka1 a3 56. Qa6+ Kf2 57. Qa7+ Kg2 58. Qd4 Qb2+ 59. Qxb2+ axb2+ 60. Kxb2 Kxg3 61. f4 Kxf4 62. Kc2 Kf3 0-1

[Event "Scarborough op"]
[Site "Scarborough"]
[Date "2023.10.28"]
[Round "2"]
[White "Brencher, Paul"]
[Black "Mitchell, Martin"]
[Result "0-1"]
[WhiteElo "1870"]
[BlackElo "2186"]
[PlyCount "82"]
[EventDate "2023.10.27"]
[EventType "swiss"]
[EventRounds "5"]
[EventCountry "ENG"]
[SourceTitle "Mega2024 Update 01"]
[Source "Chessbase"]
[SourceDate "2023.11.12"]
[SourceVersion "1"]
[SourceVersionDate "2023.11.12"]
[SourceQuality "1"]

1. d4 Nf6 2. Nc3 d6 3. e4 g6 4. Nf3 Bg7 5. Be3 a6 6. a4 Nc6 7. h3 0-0 8. Be2 e5 9. dxe5 dxe5 10. 0-0 Be6 11. Qxd8 Raxd8 12. Rad1 h6 13. b3 Rfe8 14. Rxd8 Rxd8 15. Rd1 Rxd1+ 16. Bxd1 Bf8 17. Nd2 Kg7 18. f3 Nd7 19. Ne2 f5 20. f4 Bd6 21. fxe5 Ndxe5 22. Nf4 Bd7 23. exf5 Bxf5 24. g4 Bd7 25. Be2 g5 26. Nd3 Be8 27. Nc5 Nd8 28. Nc4 Bg6 29. c3 Bf7 30. Bd4 Bxc5 31. Bxc5 Nxc4 32. bxc4 Be8 33. Bd1 Bf7 34. Be2 Be8 35. Bd1 Nc6 36. Bf3 Na5 37. Bb4 Nxc4 38. Bxb7 a5 39. Ba6 axb4 40. Bxc4 bxc3 41. Bb3 Bg6 0-1

[Event "Scarborough op"]
[Site "Scarborough"]
[Date "2023.10.27"]
[Round "1"]
[White "Badacsonyi, Frankie"]
[Black "Brencher, Paul"]
[Result "1-0"]
[WhiteElo "2061"]
[BlackElo "1870"]
[PlyCount "171"]
[EventDate "2023.10.27"]
[EventType "swiss"]
[EventRounds "5"]
[EventCountry "ENG"]
[SourceTitle "Mega2024 Update 01"]
[Source "Chessbase"]
[SourceDate "2023.11.12"]
[SourceVersion "1"]
[SourceVersionDate "2023.11.12"]
[SourceQuality "1"]

1. d4 Nf6 2. c4 e6 3. g3 Bb4+ 4. Bd2 a5 5. Bg2 d6 6. Nf3 Nbd7 7. 0-0 e5 8. Nc3 0-0 9. Qc2 Qe7 10. e4 Bxc3 11. Bxc3 c5 12. d5 Nb6 13. b3 Nbd7 14. Ne1 Ne8 15. Nd3 Nc7 16. a4 b6 17. f4 f6 18. f5 Na6 19. h4 Nb4 20. Qe2 Nxd3 21. Qxd3 Kf7 22. Kf2 Ke8 23. Ke2 Kd8 24. Kd2 Kc7 25. Kc2 Rh8 26. Bf3 Nf8 27. g4 h6 28. Rg1 Nh7 29. Rg2 Bd7 30. Bd2 Raf8 31. Kb2 Kb8 32. Be3 Be8 33. Rag1 Kc7 34. Ka3 Kb7 35. Qd2 Kc7 36. g5 hxg5 37. hxg5 fxg5 38. Bxg5 Nf6 39. Be3 Rh7 40. Rg3 Bh5 41. Bxh5 Nxh5 42. Rg6 Nf6 43. Qg2 Rf7 44. Bg5 Rh8 45. Qf3 Rh7 46. Rh1 Rxh1 47. Qxh1 Qf8 48. Qh4 Kd7 49. Kb2 Kc7 50. Kc3 Kd7 51. Kd3 Ke8 52. Be3 Kd7 53. Rg2 Ke8 54. Rh2 Ke7 55. Bg5 Ke8 56. Rh3 Ke7 57. Ke3 Ke8 58. Kf3 Ke7 59. Qh5 Ke8 60. Qg6 Kd7 61. Be3 Ke7 62. Rh4 Kd7 63. Qg3 Qe7 64. Bg5 Qf8 65. Qh3 Kc7 66. Rh8 Qe7 67. Ra8 Kb7 68. Qh8 Qc7 69. Bh4 Rd7 70. Rf8 Rf7 71. Rd8 Re7 72. Qf8 Ka7 73. Rc8 Qb7 74. Bxf6 gxf6 75. Qxf6 Qxc8 76. Qxe7+ Ka6 77. Qg7 Qe8 78. Kg4 Qc8 79. Kg5 Qd8+ 80. f6 b5 81. axb5+ Kb6 82. Kg6 Qe8+ 83. f7 Qd7 84. f8Q Qg4+ 85. Kf7 Qd7+ 86. Kg8 1-0

[Event "Hull 4NCL op-A"]
[Site "Hull"]
[Date "2023.09.10"]
[Round "4"]
[White "Sheppard, Derek Alan"]
[Black "Brencher, Paul"]
[Result "1/2-1/2"]
[WhiteElo "1664"]
[BlackElo "1879"]
[PlyCount "86"]
[EventDate "2023.09.08"]
[EventType "swiss"]
[EventRounds "5"]
[EventCountry "ENG"]
[SourceTitle "EXT 2024"]
[Source "ChessBase"]
[SourceDate "2023.10.10"]
[SourceVersion "1"]
[SourceVersionDate "2023.10.10"]
[SourceQuality "1"]

1. d4 Nf6 2. Nf3 e6 3. g3 d5 4. c4 Be7 5. Bg2 0-0 6. 0-0 c6 7. Qc2 Nbd7 8. Nbd2 b6 9. b3 Bb7 10. Bb2 Rc8 11. e4 dxe4 12. Nxe4 Nxe4 13. Qxe4 Nf6 14. Qe2 Qc7 15. Rfd1 c5 16. Ne5 cxd4 17. Bxb7 Qxb7 18. Bxd4 Qe4 19. Qxe4 Nxe4 20. f3 Nd6 21. a4 f6 22. Nd3 e5 23. Be3 Nf5 24. Bf2 Rfd8 25. a5 Nd4 26. Bxd4 Rxd4 27. axb6 axb6 28. Nf2 Bc5 29. Rxd4 Bxd4 30. Ra2 Kf7 31. Kf1 Bxf2 32. Kxf2 h5 33. Ra7+ Ke6 34. Rb7 Rc6 35. Rxg7 b5 36. cxb5 Rb6 37. Rh7 Rxb5 38. Rxh5 Rxb3 39. h4 Rb2+ 40. Ke3 Rb3+ 41. Kf2 Rb2+ 42. Kf1 Rb3 43. Kf2 Ra3 1/2-1/2

[Event "Hull 4NCL op-A"]
[Site "Hull"]
[Date "2023.09.08"]
[Round "1"]
[White "Southcott Moyers, Indy"]
[Black "Brencher, Paul"]
[Result "1/2-1/2"]
[WhiteElo "2006"]
[BlackElo "1879"]
[PlyCount "101"]
[EventDate "2023.09.08"]
[EventType "swiss"]
[EventRounds "5"]
[EventCountry "ENG"]
[SourceTitle "EXT 2024"]
[Source "ChessBase"]
[SourceDate "2023.10.10"]
[SourceVersion "1"]
[SourceVersionDate "2023.10.10"]
[SourceQuality "1"]

1. d4 Nf6 2. c4 e6 3. Nf3 Bb4+ 4. Bd2 Qe7 5. e3 0-0 6. Bd3 Bxd2+ 7. Qxd2 d5 8. cxd5 exd5 9. Nc3 c6 10. 0-0 Nbd7 11. Qc2 Re8 12. Rfe1 Ne4 13. b4 Ndf6 14. Rab1 Nxc3 15. Qxc3 Ne4 16. Bxe4 Qxe4 17. Ne5 f6 18. f3 Qf5 19. Nd3 Qg6 20. b5 Bf5 21. Nf4 Qf7 22. Rb2 g5 23. Nd3 Bxd3 24. Qxd3 cxb5 25. Rxb5 Rad8 26. Rc5 b6 27. Rc3 Rc8 28. Rec1 Rxc3 29. Rxc3 Re7 30. Qf5 Qe6 31. Rc8+ Kg7 32. Qxe6 Rxe6 33. Rc7+ Kg6 34. Kf2 a5 35. a4 h5 36. h3 h4 37. Ke2 Rd6 38. Kd3 Kf5 39. Rc8 Ke6 40. e4 Kd7 41. Rf8 Ke7 42. Rb8 Ke6 43. Ra8 Ke7 44. Rc8 Kd7 45. Rh8 Ke6 46. Rb8 Ke7 47. e5 Rc6 48. Rb7+ Ke6 49. exf6 Kxf6 50. Rh7 Rc4 51. Rh6+ 1/2-1/2

[Event "BCF-ch rapidplay 34th"]
[Site "Bingley"]
[Date "2023.04.15"]
[Round "2"]
[White "Ashton, Adam"]
[Black "Brencher, Paul"]
[Result "1-0"]
[WhiteElo "2344"]
[BlackElo "1929"]
[PlyCount "111"]
[EventDate "2023.04.15"]
[EventType "swiss (rapid)"]
[EventRounds "11"]
[EventCountry "ENG"]
[SourceTitle "CBM 213 Extra"]
[Source "ChessBase"]
[SourceDate "2023.05.31"]
[SourceVersion "1"]
[SourceVersionDate "2023.05.31"]
[SourceQuality "1"]

1. e4 e6 2. d3 d5 3. Nd2 Nf6 4. g3 c5 5. Bg2 Nc6 6. Ngf3 Be7 7. 0-0 b5 8. exd5 Nxd5 9. a4 b4 10. Nc4 Bb7 11. Re1 0-0 12. a5 a6 13. h4 Bf6 14. Bg5 Qc7 15. Qd2 Rad8 16. Bxf6 Nxf6 17. Qe3 Nd4 18. Nxd4 Rxd4 19. Qe5 Qxe5 20. Rxe5 Bxg2 21. Kxg2 Rd5 22. Rae1 Rfd8 23. Nb6 Rxe5 24. Rxe5 Nd5 25. Na4 Rc8 26. Re4 Kf8 27. Rc4 Ke7 28. Rxc5 Rb8 29. c4 bxc3 30. bxc3 Kd7 31. c4 Rb4 32. cxd5 Rxa4 33. dxe6+ fxe6 34. Kf3 Kd6 35. Rg5 g6 36. h5 gxh5 37. Rxh5 e5 38. Rh6+ Kd5 39. Rxa6 Ra3 40. Ke2 Ra2+ 41. Ke3 Ra4 42. Ra8 h6 43. a6 Kc6 44. Rh8 h5 45. Rxh5 Kd5 46. f4 Kd6 47. Rxe5 Rxa6 48. g4 Ra1 49. Ke4 Rd1 50. g5 Rg1 51. Kf5 Rg2 52. Re1 Rg3 53. g6 Kd5 54. Kf6 Rxd3 55. g7 Rf3 56. g8Q+ 1-0

[Event "Harrogate 4NCL op-A 29th"]
[Site "Harrogate"]
[Date "2023.01.20"]
[Round "1"]
[White "Brencher, Paul"]
[Black "Wells, Peter K"]
[Result "0-1"]
[WhiteElo "1933"]
[BlackElo "2370"]
[PlyCount "50"]
[EventDate "2023.01.20"]
[EventType "swiss"]
[EventRounds "5"]
[EventCountry "ENG"]
[SourceTitle "CBM 212 Extra"]
[Source "ChessBase"]
[SourceDate "2023.03.31"]
[SourceVersion "1"]
[SourceVersionDate "2023.03.31"]
[SourceQuality "1"]

1. d4 Nf6 2. Nc3 d5 3. Bf4 c5 4. e3 cxd4 5. exd4 a6 6. Nf3 Nc6 7. Ne5 Bd7 8. Qd2 e6 9. a3 Be7 10. Be2 0-0 11. g4 b5 12. g5 Ne8 13. Nxc6 Bxc6 14. Qe3 Nd6 15. Bd3 Nc4 16. Qh3 g6 17. Qh6 Re8 18. b3 e5 19. dxe5 Qa5 20. bxc4 Qxc3+ 21. Bd2 Qxa1+ 22. Ke2 Qxh1 23. e6 Bf8 24. Qh4 Rxe6+ 25. Be3 dxc4 0-1

[Event "Leamington Spa 4NCL op-B 28th"]
[Site "Leamington Spa"]
[Date "2022.07.10"]
[Round "4"]
[White "Brencher, Paul"]
[Black "Burns, Kenneth"]
[Result "1/2-1/2"]
[WhiteElo "1959"]
[BlackElo "1711"]
[PlyCount "68"]
[EventDate "2022.07.08"]
[EventType "swiss"]
[EventRounds "5"]
[EventCountry "ENG"]
[SourceTitle "CBM 209 Extra"]
[Source "ChessBase"]
[SourceDate "2022.09.30"]
[SourceVersion "1"]
[SourceVersionDate "2022.09.30"]
[SourceQuality "1"]

1. d4 Nf6 2. Bg5 d5 3. Nd2 h6 4. Bh4 e6 5. e3 c5 6. c3 Nc6 7. Bd3 cxd4 8. exd4 Bd6 9. Ngf3 0-0 10. 0-0 e5 11. dxe5 Nxe5 12. Nxe5 Bxe5 13. Qc2 Bxh2+ 14. Kxh2 Ng4+ 15. Kg1 Qxh4 16. Nf3 Qh5 17. Qa4 Rd8 18. Rfe1 Bd7 19. Bb5 Bxb5 20. Qxb5 a6 21. Qxb7 Rab8 22. Qxa6 Rxb2 23. Re2 Rdb8 24. Rae1 Kh7 25. Qd3+ Qg6 26. Qxd5 Rxe2 27. Rxe2 Rb1+ 28. Ne1 Qc2 29. Qe4+ Qxe4 30. Rxe4 f5 31. Re2 Rc1 32. f3 Nf6 33. Kf2 Rxc3 34. Nc2 f4 1/2-1/2

[Event "Leamington Spa 4NCL op-B 28th"]
[Site "Leamington Spa"]
[Date "2022.07.10"]
[Round "5"]
[White "Nilsson, Adam1111"]
[Black "Brencher, Paul"]
[Result "0-1"]
[WhiteElo "1766"]
[BlackElo "1959"]
[PlyCount "83"]
[EventDate "2022.07.08"]
[EventType "swiss"]
[EventRounds "5"]
[EventCountry "ENG"]
[SourceTitle "CBM 209 Extra"]
[Source "ChessBase"]
[SourceDate "2022.09.30"]
[SourceVersion "1"]
[SourceVersionDate "2022.09.30"]
[SourceQuality "1"]

1. Nf3 g6 2. d4 Nf6 3. Bf4 d6 4. h3 Bg7 5. e3 0-0 6. Be2 c5 7. c3 Qb6 8. Qb3 Qxb3 9. axb3 Nc6 10. Nbd2 Re8 11. 0-0 e5 12. dxe5 dxe5 13. Bh2 e4 14. Ne1 Nd5 15. Nc4 Bf8 16. Nc2 Rd8 17. Rfd1 Be6 18. Rd2 Nb6 19. Rad1 Nxc4 20. Bxc4 Bxc4 21. bxc4 Rxd2 22. Rxd2 Rd8 23. Rxd8 Nxd8 24. Kf1 f5 25. g4 Kf7 26. Ke2 Ke6 27. f4 Nc6 28. g5 Na5 29. Na3 a6 30. Kd2 Kd7 31. Bg3 Kc6 32. Kc2 b5 33. cxb5+ axb5 34. Nb1 c4 35. Nd2 Bc5 36. Bf2 Kd5 37. Nb1 Nc6 38. Nd2 Nd8 39. Nb1 Ne6 40. h4 Nxf4 41. exf4 Bxf2 42. Kd1 0-1

[Event "Leamington Spa 4NCL op-B 28th"]
[Site "Leamington Spa"]
[Date "2022.07.08"]
[Round "1"]
[White "Sharpe, Peter T"]
[Black "Brencher, Paul"]
[Result "0-1"]
[WhiteElo "1757"]
[BlackElo "1959"]
[PlyCount "123"]
[EventDate "2022.07.08"]
[EventType "swiss"]
[EventRounds "5"]
[EventCountry "ENG"]
[SourceTitle "CBM 209 Extra"]
[Source "ChessBase"]
[SourceDate "2022.09.30"]
[SourceVersion "1"]
[SourceVersionDate "2022.09.30"]
[SourceQuality "1"]

1. d4 d6 2. Nf3 Nf6 3. Nc3 g6 4. Bg5 Bg7 5. e3 0-0 6. Be2 Nbd7 7. 0-0 c5 8. Re1 Qa5 9. Bh4 a6 10. a4 Qc7 11. Bg3 b6 12. d5 Bb7 13. e4 Nh5 14. Qd2 Nxg3 15. hxg3 Rad8 16. Bc4 Ne5 17. Nxe5 Bxe5 18. f4 Bd4+ 19. Kf1 Qc8 20. Be2 e6 21. Bg4 f5 22. exf5 exf5 23. Bf3 Rfe8 24. Rxe8+ Rxe8 25. Re1 Qd7 26. b3 b5 27. axb5 axb5 28. Nd1 Ba6 29. c3 Bf6 30. Kf2 Kf7 31. Ne3 h5 32. Rh1 Kg7 33. Be2 Qe7 34. Bd3 Qd7 35. Qa2 Bb7 36. Qa5 Ra8 37. Qxb5 Qxb5 38. Bxb5 Bxc3 39. Ba4 Bd4 40. Ke2 Bxe3 41. Kxe3 Bxd5 42. Kf2 c4 43. bxc4 Rxa4 44. cxd5 Rd4 45. Ra1 Rxd5 46. Ra7+ Kf6 47. Ke3 Rb5 48. Ra6 Ke6 49. Ra8 Kd5 50. Rg8 Kc4 51. Rxg6 d5 52. Rd6 Rb3+ 53. Kd2 Rxg3 54. Rc6+ Kd4 55. Ra6 Rxg2+ 56. Ke1 Rh2 57. Rf6 Ke3 58. Kf1 Kxf4 59. Ra6 d4 60. Ra4 Ke3 61. Kg1 Rc2 62. Kf1 0-1

[Event "Harrogate 4NCL op 27th"]
[Site "Harrogate"]
[Date "2022.01.23"]
[Round "4"]
[White "Sheppard, Derek Alan"]
[Black "Brencher, Paul"]
[Result "0-1"]
[WhiteElo "1692"]
[BlackElo "1875"]
[PlyCount "48"]
[EventDate "2022.01.21"]
[EventType "swiss"]
[EventRounds "5"]
[EventCountry "ENG"]
[SourceTitle "CBM 206 Extra"]
[Source "ChessBase"]
[SourceDate "2022.03.31"]
[SourceVersion "1"]
[SourceVersionDate "2022.03.31"]
[SourceQuality "1"]

1. d4 d6 2. Bf4 g6 3. Nf3 Bg7 4. e3 Nd7 5. h3 e5 6. Bh2 Qe7 7. Be2 Nh6 8. 0-0 0-0 9. c3 e4 10. Ne1 b6 11. Nc2 Nf5 12. a4 Bb7 13. Nba3 a6 14. Nc4 Nh4 15. b4 g5 16. Kh1 f5 17. Qd2 f4 18. g3 Ng6 19. Bh5 Qe6 20. Bg4 Qxc4 21. Bxd7 h5 22. Na3 Qf7 23. Qa2 d5 24. Qe2 f3 0-1

[Event "Harrogate 4NCL op 27th"]
[Site "Harrogate"]
[Date "2022.01.22"]
[Round "3"]
[White "Brencher, Paul"]
[Black "Ther, Mate T"]
[Result "0-1"]
[WhiteElo "1875"]
[BlackElo "2031"]
[PlyCount "182"]
[EventDate "2022.01.21"]
[EventType "swiss"]
[EventRounds "5"]
[EventCountry "ENG"]
[SourceTitle "CBM 206 Extra"]
[Source "ChessBase"]
[SourceDate "2022.03.31"]
[SourceVersion "1"]
[SourceVersionDate "2022.03.31"]
[SourceQuality "1"]

1. d4 Nf6 2. Bg5 Ne4 3. Bf4 e6 4. e3 b6 5. Bd3 Bb7 6. Nf3 Be7 7. 0-0 0-0 8. c4 d6 9. Nfd2 f5 10. f3 Nxd2 11. Nxd2 e5 12. Bg3 exd4 13. exd4 Bf6 14. Bf2 g6 15. Re1 a5 16. a4 Nc6 17. Nb3 Nb4 18. Nc1 Qd7 19. Ne2 Rae8 20. Qd2 Re7 21. Nc3 Rxe1+ 22. Rxe1 Qg7 23. Bb1 h6 24. Be3 Re8 25. Rd1 Kh7 26. Bf2 Bg5 27. f4 Bf6 28. d5 Na6 29. Bd4 Nc5 30. Bxf6 Qxf6 31. Bc2 Bc8 32. Kf2 Bd7 33. g3 Kg7 34. Qd4 g5 35. Qxf6+ Kxf6 36. Re1 Rg8 37. b3 Na6 38. Ne2 Nb4 39. Nd4 gxf4 40. gxf4 Rg4 41. Kf3 h5 42. Bb1 Rg7 43. h3 h4 44. Ne6 Rg3+ 45. Kf2 Rxh3 46. Nf8 Bc8 47. Re8 Rxb3 48. Rxc8 Rxb1 49. Nh7+ Kg6 50. Ng5 Kh5 51. Ne6 Rb2+ 52. Kf3 Nd3 53. Rh8+ Kg6 54. Rxh4 Ne1+ 55. Kg3 Rg2+ 56. Kh3 Rg1 57. Ng5 Rh1+ 58. Kg3 Rxh4 59. Kxh4 Ng2+ 60. Kg3 Ne3 61. Ne6 Nxc4 62. Nxc7 Nb2 63. Nb5 Nxa4 64. Nxd6 Nc3 65. Kf3 Nxd5 66. Nc4 a4 67. Na3 Kf6 68. Nb5 Ke6 69. Nd4+ Kd6 70. Nxf5+ Kc5 71. Ke4 Nb4 72. Nd4 Kc4 73. f5 a3 74. f6 a2 75. f7 a1Q 76. f8Q Qxd4+ 77. Kf3 Nd3 78. Qc8+ Qc5 79. Qa6+ b5 80. Qa2+ Kd4 81. Qa1+ Qc3 82. Qa7+ Nc5+ 83. Kg2 Qd2+ 84. Kh1 Qe1+ 85. Kh2 b4 86. Qb6 Qe5+ 87. Kh1 Qd5+ 88. Kg1 b3 89. Qb4+ Qc4 90. Qd2+ Nd3 91. Qh6 Qc1+ 0-1